| 000 | 00426 a2200157 4500 | ||
|---|---|---|---|
| 005 | 20250417091130.0 | ||
| 020 | _a987-0-07-096828-8 | ||
| 082 | _a657 LAR | ||
| 100 | _aLARSON, K. D. | ||
| 245 | _aFundamental Accounting Principles. Volume 1 | ||
| 250 | _a13th Ed. Canadian | ||
| 260 |
_aCanada, _bMcgraw- Hill Ryerson, _c2010. |
||
| 300 |
_axxvii,618p.:Ill.;figures _bIndex _c27cm. |
||
| 700 | _aJENSEN, T. | ||
| 942 |
_2ddc _cBKS |
||
| 999 |
_c1534 _d1534 |
||